| 000 | 00656nam a22001937a 4500 | ||
|---|---|---|---|
| 999 |
_c7564 _d7564 |
||
| 003 | AR-CdUCM | ||
| 008 | 190320b ||||| |||| 00| 0 spa d | ||
| 040 |
_aMUNICIPALIDAD PROVINCIAL DEL CUSCO _cBIBLIOTECA MUNICIPAL DEL CUSCO |
||
| 082 |
_a782.3 / _bL86 |
||
| 100 |
_aLopez Mindreau, Ernesto _921364 |
||
| 245 | _aCanciones Escolares / | ||
| 260 |
_aLima : _bDirección de Educación Artística y Extensión Cultural. _c1948. |
||
| 300 |
_a34 páginas ; _bilustraciones, _c32 cm. |
||
| 500 | _aDonación de la familia Nieto. | ||
| 650 |
_aCanciones Escolares _921365 |
||
| 650 |
_aHimno Nacional del Perú _921366 |
||
| 942 |
_2ddc _cLIBROS |
||
| 945 | _araen | ||